[Event "New York Marshall op 04"]
[Site "New York"]
[Date "2024.04.14"]
[Round "4"]
[White "Putnam, Liam H"]
[Black "Ho, Carter"]
[Result "1-0"]
[WhiteElo "2323"]
[BlackElo "2108"]
[PlyCount "55"]
[EventDate "2024.04.13"]
[EventType "swiss"]
[EventRounds "5"]
[EventCountry "USA"]
[SourceTitle "CB18_2024"]
[SourceDate "2024.05.01"]
[SourceVersion "1"]
[SourceVersionDate "2024.05.01"]
[SourceQuality "2"]

1. Nf3 d5 2. e3 c5 3. b3 Nc6 4. Bb2 Nf6 5. Bb5 Bd7 6. 0-0 e6 7. d3 Bd6 8. Nbd2 a6 9. Bxc6 Bxc6 10. Ne5 Rc8 11. f4 0-0 12. Qe1 Nd7 13. a4 b6 14. Nxc6 Rxc6 15. e4 b5 16. Qg3 d4 17. e5 Bc7 18. Qf3 Nb8 19. axb5 axb5 20. Ra8 Qd7 21. Ne4 c4 22. bxc4 bxc4 23. Ba3 Rd8 24. Rb1 cxd3 25. cxd3 Qd5 26. Nf6+ gxf6 27. Qg3+ Kh8 28. Be7 1-0

[Event "New York 1000 GM Spring Schev"]
[Site "New York"]
[Date "2024.03.29"]
[Round "5.3"]
[White "Ho, Carter"]
[Black "Lapshun, Yury"]
[Result "0-1"]
[WhiteElo "2108"]
[BlackElo "2332"]
[PlyCount "96"]
[EventDate "2024.03.27"]
[EventType "schev"]
[EventRounds "9"]
[EventCountry "USA"]
[SourceTitle "CB14_2024"]
[SourceDate "2024.04.01"]
[SourceVersion "1"]
[SourceVersionDate "2024.04.01"]
[SourceQuality "1"]

1. e4 e5 2. Nf3 Nc6 3. Bc4 Nf6 4. d3 Be7 5. 0-0 0-0 6. Re1 d6 7. a4 h6 8. Nbd2 Be6 9. c3 Qd7 10. b4 a6 11. Qc2 b5 12. Bb3 Rfd8 13. d4 exd4 14. Nxd4 Nxd4 15. cxd4 Bxb3 16. Qxb3 a5 17. axb5 axb4 18. Rxa8 Rxa8 19. Qxb4 Rb8 20. Qa4 Qxb5 21. Qc2 c6 22. e5 dxe5 23. dxe5 Nd5 24. e6 Rf8 25. Nf3 Nb4 26. Qe4 f5 27. Qe2 Qxe2 28. Rxe2 Nd3 29. Rc2 Rb8 30. Nd2 Nxc1 31. Rxc1 Bg5 32. Rb1 Rxb1+ 33. Nxb1 Kf8 34. Kf1 Ke7 35. Ke2 Kxe6 36. Kd3 Bd8 37. Nc3 Bb6 38. f3 Bg1 39. h3 Bf2 40. Ne2 Ke5 41. g4 g6 42. gxf5 Kxf5 43. f4 h5 44. h4 Bxh4 45. Ke3 Kg4 46. Nd4 c5 47. Nf3 Bf6 48. Ke4 h4 0-1

[Event "New York 1000 GM Spring Schev"]
[Site "New York"]
[Date "2024.03.29"]
[Round "4.7"]
[White "Rohde, Michael A"]
[Black "Ho, Carter"]
[Result "0-1"]
[WhiteElo "2318"]
[BlackElo "2108"]
[PlyCount "78"]
[EventDate "2024.03.27"]
[EventType "schev"]
[EventRounds "9"]
[EventCountry "USA"]
[SourceTitle "CB14_2024"]
[SourceDate "2024.04.01"]
[SourceVersion "1"]
[SourceVersionDate "2024.04.01"]
[SourceQuality "1"]

1. Nf3 d5 2. c4 d4 3. a3 c5 4. b4 Nc6 5. b5 Nb8 6. e3 Bg4 7. h3 Bh5 8. Bb2 Nd7 9. exd4 cxd4 10. g4 Bg6 11. Bxd4 f6 12. Nh4 Bf7 13. Nc3 e5 14. Be3 Nc5 15. d3 h5 16. Nf5 hxg4 17. Nxg7+ Bxg7 18. Bxc5 f5 19. Qc2 Qc7 20. Bb4 0-0-0 21. 0-0-0 Ne7 22. Bg2 gxh3 23. Bxh3 Kb8 24. Bg2 Ng6 25. Bd5 Nf4 26. Rxh8 Bxh8 27. b6 Qd7 28. bxa7+ Ka8 29. Bxf7 Qxf7 30. Nb5 Qd7 31. Bd6 Rc8 32. Kb1 Ne6 33. Re1 e4 34. dxe4 Nd4 35. Nxd4 Qxd6 36. Nb3 Qxa3 37. c5 fxe4 38. Rxe4 Rd8 39. Re1 Rd3 0-1

[Event "New York 1000 GM Spring Schev"]
[Site "New York"]
[Date "2024.03.28"]
[Round "3.9"]
[White "Bonin, Jay R"]
[Black "Ho, Carter"]
[Result "1-0"]
[WhiteElo "2154"]
[BlackElo "2108"]
[PlyCount "71"]
[EventDate "2024.03.27"]
[EventType "schev"]
[EventRounds "9"]
[EventCountry "USA"]
[SourceTitle "CB14_2024"]
[SourceDate "2024.04.01"]
[SourceVersion "1"]
[SourceVersionDate "2024.04.01"]
[SourceQuality "1"]

1. d4 Nf6 2. Nf3 d5 3. c4 e6 4. g3 Bb4+ 5. Bd2 Be7 6. Bg2 0-0 7. Qc2 c6 8. 0-0 Nbd7 9. Bg5 h6 10. Bxf6 Nxf6 11. Nbd2 b6 12. Rfd1 Ba6 13. Rac1 Rc8 14. Qb1 c5 15. dxc5 bxc5 16. e3 Qb6 17. h3 Rfd8 18. Ne5 Qb8 19. Nd3 Rd7 20. e4 dxe4 21. Nxe4 Nxe4 22. Bxe4 Rd4 23. Re1 Bxc4 24. Ne5 Bb5 25. Bh7+ Kf8 26. Nxf7 Bf6 27. Nxh6 Qd6 28. Ng4 Bd3 29. Bxd3 Rxd3 30. Kh2 c4 31. Re4 Qd5 32. Rce1 Rc6 33. Qc2 c3 34. bxc3 Bxc3 35. Rxe6 Rd2 36. Re8+ 1-0

[Event "New York President's Day IM-C"]
[Site "New York"]
[Date "2024.02.16"]
[Round "3"]
[White "Andrianov, Nikolai Ivanovich"]
[Black "Ho, Carter"]
[Result "1-0"]
[WhiteElo "2266"]
[BlackElo "2102"]
[PlyCount "103"]
[EventDate "2024.02.15"]
[EventType "schev"]
[EventRounds "9"]
[EventCountry "USA"]
[SourceTitle "CB08_2024"]
[SourceDate "2024.02.21"]
[SourceVersion "1"]
[SourceVersionDate "2024.02.21"]
[SourceQuality "1"]

1. d4 Nf6 2. Nf3 d5 3. c4 e6 4. Nc3 Bb4 5. cxd5 exd5 6. Bg5 h6 7. Bxf6 Qxf6 8. Qa4+ Nc6 9. e3 Bd7 10. Qb3 0-0-0 11. Be2 Be6 12. 0-0 Qe7 13. Rfc1 Kb8 14. a3 Bxc3 15. Rxc3 Na5 16. Qc2 c6 17. Ne5 h5 18. b4 Nc4 19. Nxc4 dxc4 20. Bxc4 h4 21. Qe4 h3 22. Bxe6 fxe6 23. g3 Rd5 24. Rc5 Rf8 25. Rxd5 cxd5 26. Qe5+ Ka8 27. Rc1 Qf7 28. Qf4 Qe8 29. Qg4 Qf7 30. Qf4 Qe8 31. Qc7 a6 32. Qxg7 Rg8 33. Qh7 Rh8 34. Qg7 Rg8 35. Qh6 Rh8 36. Qg5 Rg8 37. Qh4 Rh8 38. Qg4 Qf7 39. Kf1 Rf8 40. f4 Qh7 41. Ke2 Re8 42. Qf3 Qd7 43. Kd2 Rc8 44. Rxc8+ Qxc8 45. Qf1 Qh8 46. g4 a5 47. bxa5 Qf8 48. Qd3 Qd8 49. g5 Qxa5+ 50. Ke2 Qd8 51. Kf3 Qh8 52. Kg3 1-0

[Event "New York President's Day IM-C"]
[Site "New York"]
[Date "2024.02.16"]
[Round "2"]
[White "Plat, Vojtech"]
[Black "Ho, Carter"]
[Result "1-0"]
[WhiteElo "2525"]
[BlackElo "2102"]
[PlyCount "71"]
[EventDate "2024.02.15"]
[EventType "schev"]
[EventRounds "9"]
[EventCountry "USA"]
[SourceTitle "CB08_2024"]
[SourceDate "2024.02.21"]
[SourceVersion "1"]
[SourceVersionDate "2024.02.21"]
[SourceQuality "1"]

1. d4 Nf6 2. c4 e6 3. Nc3 Bb4 4. e3 0-0 5. Nge2 d5 6. a3 Be7 7. Nf4 c6 8. Be2 Nbd7 9. 0-0 Re8 10. Qc2 Bd6 11. b3 dxc4 12. bxc4 e5 13. Nd3 exd4 14. exd4 Ne4 15. Nxe4 Rxe4 16. Be3 Nf6 17. Ne5 c5 18. Bd3 Rh4 19. f4 cxd4 20. Bxd4 Ng4 21. Nxg4 Bxg4 22. Qc3 Rh5 23. Be4 Bc5 24. Bxc5 Rxc5 25. Bxb7 Rb8 26. Rab1 Bf5 27. Rb2 Be6 28. Qe3 Rxc4 29. f5 Bc8 30. Rd2 Qf8 31. Bd5 Qc5 32. Re2 Ba6 33. Bxc4 Qxe3+ 34. Rxe3 Bxc4 35. Rc1 Bd5 36. Re5 1-0

[Event "New York President's Day IM-C"]
[Site "New York"]
[Date "2024.02.15"]
[Round "1"]
[White "Ho, Carter"]
[Black "Martin Del Campo C, Roberto Abel"]
[Result "1-0"]
[WhiteElo "2102"]
[BlackElo "2208"]
[PlyCount "61"]
[EventDate "2024.02.15"]
[EventType "schev"]
[EventRounds "9"]
[EventCountry "USA"]
[SourceTitle "CB08_2024"]
[SourceDate "2024.02.21"]
[SourceVersion "1"]
[SourceVersionDate "2024.02.21"]
[SourceQuality "1"]

1. e4 c5 2. Nf3 d6 3. d4 cxd4 4. Nxd4 Nf6 5. Nc3 e5 6. Nb3 Be7 7. f3 0-0 8. Be3 a5 9. Bb5 Be6 10. g4 d5 11. g5 d4 12. gxf6 Bxf6 13. Bf2 dxc3 14. Qxd8 Rxd8 15. bxc3 Rc8 16. Nc5 Bh3 17. Rg1 Rc7 18. Rd1 g6 19. Na4 Bd7 20. c4 Ra6 21. Nb6 Rxb6 22. Bxb6 Bh4+ 23. Rg3 Bxb5 24. Bxc7 Na6 25. cxb5 Nxc7 26. b6 Ne6 27. Rd7 Nd8 28. Kd1 Kf8 29. Rh3 Ke8 30. Rc7 Bf6 31. Rxh7 1-0

[Event "New York 1000 GM Winter IM-C"]
[Site "New York"]
[Date "2024.01.12"]
[Round "2"]
[White "Hajnal, Zoltan"]
[Black "Ho, Carter"]
[Result "1-0"]
[WhiteElo "2383"]
[BlackElo "2180"]
[PlyCount "69"]
[EventDate "2024.01.11"]
[EventType "swiss"]
[EventRounds "9"]
[EventCountry "USA"]
[SourceTitle "CB04_2024"]
[SourceDate "2023.10.16"]
[SourceVersion "1"]
[SourceVersionDate "2023.10.16"]
[SourceQuality "1"]

1. e4 c5 2. Nf3 e6 3. d4 cxd4 4. Nxd4 Nf6 5. Nc3 Nc6 6. Ndb5 d6 7. Bf4 e5 8. Bg5 a6 9. Na3 b5 10. Nd5 Be7 11. Bxf6 Bxf6 12. c3 0-0 13. g3 Bg5 14. Bg2 Ne7 15. 0-0 Be6 16. Nxe7+ Qxe7 17. Nc2 Rfd8 18. f4 Bh6 19. Ne3 Qa7 20. Qd2 g5 21. f5 g4 22. Rfe1 Bc8 23. Qf2 Bxe3 24. Rxe3 Bb7 25. Rd1 Rd7 26. Kf1 f6 27. Qe2 h5 28. Red3 Rad8 29. h3 gxh3 30. Bxh3 Qa8 31. Bg2 Rg7 32. Rxd6 Rf8 33. Rd7 Rg4 34. Qd2 Rg7 35. Qh6 1-0

[Event "New York 1000 GM Fall IM-C"]
[Site "New York"]
[Date "2023.11.10"]
[Round "5"]
[White "Campos Jimenez, Augusto Cesar"]
[Black "Ho, Carter"]
[Result "0-1"]
[WhiteElo "2263"]
[BlackElo "2116"]
[PlyCount "120"]
[EventDate "2023.11.08"]
[EventType "tourn"]
[EventRounds "9"]
[EventCountry "USA"]
[SourceTitle "CB46_2023"]
[SourceDate "2023.11.15"]
[SourceVersion "1"]
[SourceVersionDate "2023.11.15"]
[SourceQuality "1"]

1. e4 c5 2. Nc3 Nc6 3. Bb5 Nd4 4. Bc4 g6 5. Nf3 a6 6. Nxd4 cxd4 7. Qf3 e6 8. Ne2 Bg7 9. d3 Ne7 10. h4 d5 11. Bb3 dxe4 12. dxe4 h5 13. Bg5 Qa5+ 14. Bd2 Qb6 15. Nf4 0-0 16. 0-0 Nc6 17. Nd3 Bd7 18. Qg3 Na5 19. Bxa5 Qxa5 20. f4 Qc7 21. Qf2 a5 22. a4 b5 23. axb5 Bxb5 24. f5 a4 25. Ba2 Kh7 26. Rae1 Rad8 27. Re2 Bh6 28. Kh1 Be3 29. Qf3 Bc6 30. Rxe3 dxe3 31. Qxe3 Ba8 32. Qg5 Bxe4 33. Nf4 exf5 34. Nxh5 Rd6 35. Nf4 Qd8 36. Qg3 Qf6 37. c3 Rd2 38. Rf2 Rxf2 39. Qxf2 Rd8 40. Kh2 Rd7 41. Bc4 Qd6 42. Qg3 Rb7 43. h5 g5 44. Qxg5 Rxb2 45. Kh3 Qh6 46. Qe7 Qg7 47. Qxf7 Qxf7 48. Bxf7 a3 49. Kh4 a2 50. Bxa2 Rxa2 51. g4 fxg4 52. Kxg4 Rc2 53. Ne6 Bb7 54. Ng5+ Kg7 55. Ne6+ Kh6 56. Nd4 Bc8+ 57. Kh4 Rh2+ 58. Kg3 Rh3+ 59. Kf4 Rxc3 60. Nf3 Kxh5 0-1

[Event "New York 1000 GM Fall IM-C"]
[Site "New York"]
[Date "2023.11.09"]
[Round "3"]
[White "Yanayt, Eugene"]
[Black "Ho, Carter"]
[Result "0-1"]
[WhiteElo "2095"]
[BlackElo "2116"]
[PlyCount "56"]
[EventDate "2023.11.08"]
[EventType "tourn"]
[EventRounds "9"]
[EventCountry "USA"]
[SourceTitle "CB46_2023"]
[SourceDate "2023.11.15"]
[SourceVersion "1"]
[SourceVersionDate "2023.11.15"]
[SourceQuality "1"]

1. d4 Nf6 2. c4 e6 3. Nf3 d5 4. g3 Bb4+ 5. Bd2 Be7 6. Bg2 0-0 7. Qc2 c6 8. h4 Nbd7 9. Nc3 b6 10. e4 dxe4 11. Nxe4 Bb7 12. Neg5 c5 13. dxc5 Nxc5 14. 0-0-0 Qd3 15. Ne1 Qxc2+ 16. Kxc2 Ng4 17. Rf1 Rac8 18. Bb4 Bxg2 19. Nxg2 b5 20. Rd4 Ne5 21. Kb1 Nxc4 22. Rc1 h6 23. Nf3 Bf6 24. Rdd1 Nxb2 25. Rd2 Ncd3 26. Rxc8 Re8 27. Rd8 Rxd8 28. a3 Rc8 0-1

[Event "New York qual"]
[Site "New York"]
[Date "2023.07.09"]
[Round "6"]
[White "Ho, Carter"]
[Black "Nasta, Kiren Vivek"]
[Result "0-1"]
[WhiteElo "1917"]
[BlackElo "2008"]
[PlyCount "83"]
[EventDate "2023.07.06"]
[EventType "tourn"]
[EventRounds "9"]
[EventCountry "USA"]
[SourceTitle "EXT 2024"]
[Source "ChessBase"]
[SourceDate "2023.10.10"]
[SourceVersion "1"]
[SourceVersionDate "2023.10.10"]
[SourceQuality "1"]

1. e4 e5 2. Nf3 Nc6 3. Bc4 Nf6 4. d3 Bc5 5. 0-0 d6 6. c3 a6 7. a4 h6 8. Nbd2 Ba7 9. b4 0-0 10. h3 Re8 11. Re1 Be6 12. Bxe6 Rxe6 13. Nc4 d5 14. exd5 Qxd5 15. Ne3 Bxe3 16. Bxe3 Rd8 17. d4 exd4 18. Nxd4 Nxd4 19. Bxd4 Rxe1+ 20. Qxe1 Re8 21. Qf1 Nh5 22. Rd1 Qb3 23. a5 Nf4 24. Kh2 Ne2 25. Re1 Qa2 26. Rd1 Qc2 27. Qe1 Qe4 28. Be3 Qe5+ 29. g3 Nxc3 30. Rd7 Nd5 31. Qd2 Nxe3 32. fxe3 Re6 33. Qc2 Rg6 34. Qf2 Rf6 35. Qc2 g6 36. e4 Rf3 37. Qg2 Rb3 38. Rd5 Qc3 39. Rc5 Qxb4 40. Rxc7 Qxa5 41. Qc2 Qb6 42. Qe2 0-1

[Event "PNWCC Super G60 Mar Gp2"]
[Site "Chess.com INT"]
[Date "2021.03.27"]
[Round "3"]
[White "Ho, Carter"]
[Black "Vega, Isaac"]
[Result "1-0"]
[WhiteElo "1415"]
[BlackElo "1735"]
[PlyCount "69"]
[EventDate "2021.03.27"]
[EventType "swiss (rapid)"]
[EventRounds "6"]
[EventCountry "USA"]
[SourceTitle "CBM 201 Extra"]
[Source "ChessBase"]
[SourceDate "2021.05.31"]
[SourceVersion "1"]
[SourceVersionDate "2021.05.31"]
[SourceQuality "1"]

1. e4 c5 2. Nf3 e6 3. d4 cxd4 4. Nxd4 a6 5. Nc3 Qc7 6. Qf3 Nf6 7. Qg3 Qxg3 8. hxg3 Bb4 9. f3 d5 10. e5 Nfd7 11. f4 Nc6 12. Be3 Ne7 13. g4 g6 14. 0-0-0 Bxc3 15. bxc3 Nc5 16. Bd3 Na4 17. Kd2 Bd7 18. Rb1 b5 19. Rh2 Rc8 20. Ne2 Kf8 21. Rbh1 Kg7 22. Bd4 Nc6 23. Ng3 Rc7 24. f5 Bc8 25. fxg6 fxg6 26. Rh6 b4 27. Bxg6 bxc3+ 28. Bxc3 Bd7 29. Ba1 Nb4 30. g5 Kf8 31. Rxh7 Rxh7 32. Rxh7 Nc6 33. Nh5 Ra7 34. Nf6 Nc5 35. Rf7# 1-0

[Event "PNWCC Super G60 Feb Gp2"]
[Site "Chess.com INT"]
[Date "2021.02.28"]
[Round "5"]
[White "Ho, Cooper"]
[Black "Ho, Carter"]
[Result "1-0"]
[WhiteElo "1663"]
[BlackElo "1415"]
[PlyCount "105"]
[EventDate "2021.02.27"]
[EventType "swiss"]
[EventRounds "6"]
[EventCountry "USA"]
[SourceTitle "CBM 200 Extra"]
[Source "ChessBase"]
[SourceDate "2021.03.31"]
[SourceVersion "1"]
[SourceVersionDate "2021.03.31"]
[SourceQuality "1"]

1. e4 e5 2. Nf3 Nc6 3. Bc4 Bc5 4. 0-0 Nf6 5. d3 d6 6. c3 0-0 7. Nbd2 a6 8. Bb3 Ba7 9. h3 h6 10. Re1 Nh5 11. Nf1 Qf6 12. Be3 Ne7 13. d4 Nf4 14. Ng3 Neg6 15. Bc2 Nh4 16. Nxh4 Qxh4 17. Qf3 g6 18. Ne2 Ne6 19. Rad1 Kg7 20. dxe5 Bxe3 21. exd6 Bb6 22. d7 Bxd7 23. Rxd7 Rad8 24. Red1 Qg5 25. Bb3 Rxd7 26. Rxd7 Nd8 27. Nd4 c5 28. Ne6+ Nxe6 29. Bxe6 Qf6 30. Qxf6+ Kxf6 31. Bd5 Kg7 32. Rxb7 Bd8 33. Kf1 h5 34. Ke2 g5 35. Kd3 g4 36. hxg4 hxg4 37. Kc4 Bg5 38. Kxc5 Bd2 39. Kd4 Be1 40. Ke3 g3 41. fxg3 Bxg3 42. Ra7 Bh2 43. Rxa6 Rb8 44. b4 Be5 45. Kd3 Rh8 46. Ra7 Rf8 47. b5 Bb8 48. Rb7 Be5 49. a4 Kg6 50. a5 f5 51. exf5+ Kxf5 52. Rf7+ Rxf7 53. Bxf7 1-0

[Event "PNWCC Super G60 Feb Gp2"]
[Site "Chess.com INT"]
[Date "2021.02.27"]
[Round "2"]
[White "Leiva Rodriguez, Jeammarco Giuseppe"]
[Black "Ho, Carter"]
[Result "1-0"]
[WhiteElo "2391"]
[BlackElo "1415"]
[PlyCount "105"]
[EventDate "2021.02.27"]
[EventType "swiss"]
[EventRounds "6"]
[EventCountry "USA"]
[SourceTitle "CBM 200 Extra"]
[Source "ChessBase"]
[SourceDate "2021.03.31"]
[SourceVersion "1"]
[SourceVersionDate "2021.03.31"]
[SourceQuality "1"]

1. e4 e5 2. Nf3 Nc6 3. Bc4 Bc5 4. 0-0 Nf6 5. d3 d6 6. c3 0-0 7. Bb3 a6 8. Re1 h6 9. h3 Ba7 10. Nbd2 Nh5 11. Nf1 Qf6 12. Be3 Nf4 13. Ng3 Ne7 14. Bxf4 exf4 15. Nh5 Qg6 16. Nxf4 Qg3 17. Qd2 Bxf2+ 18. Qxf2 Qxf4 19. e5 dxe5 20. Re4 Qf6 21. Nxe5 Qxf2+ 22. Kxf2 Bf5 23. Rf4 g5 24. Rf3 Bg6 25. Re1 Rad8 26. d4 Nd5 27. Nxg6 fxg6 28. Re7 Rxf3+ 29. Kxf3 Kf8 30. Rh7 Rd6 31. Bxd5 Rxd5 32. Rxc7 Rb5 33. b4 Rf5+ 34. Ke3 b5 35. Rc6 Rf1 36. Rxg6 Rg1 37. Rxh6 Rxg2 38. Rxa6 Rh2 39. a4 Rxh3+ 40. Kd2 bxa4 41. Rxa4 g4 42. Ra5 g3 43. Rg5 Rh2+ 44. Kd3 g2 45. b5 Rh3+ 46. Kc4 Rh2 47. b6 Rh3 48. b7 Rg3 49. b8Q+ Kf7 50. Qf4+ Ke7 51. Re5+ Kd7 52. Qf7+ Kc6 53. Re6# 1-0

[Event "PNWCC Online Masters Artist Point"]
[Site "Chess.com INT"]
[Date "2020.09.07"]
[Round "7"]
[White "Frenkel, Benjamin"]
[Black "Ho, Carter"]
[Result "1-0"]
[WhiteElo "2129"]
[BlackElo "1415"]
[PlyCount "147"]
[EventDate "2020.09.05"]
[EventType "swiss"]
[EventRounds "9"]
[EventCountry "USA"]
[SourceTitle "CBM 198 Extra"]
[Source "ChessBase"]
[SourceDate "2020.11.30"]
[SourceVersion "1"]
[SourceVersionDate "2020.11.30"]
[SourceQuality "1"]

1. d4 d5 2. c4 c6 3. Nf3 Nf6 4. g3 g6 5. Bg2 Bg7 6. cxd5 cxd5 7. 0-0 0-0 8. Nc3 b6 9. Ne5 Bb7 10. Qb3 e6 11. Rd1 Qe7 12. Bg5 Nbd7 13. e4 dxe4 14. Nxe4 Bxe4 15. Bxe4 Rac8 16. Qf3 Qd6 17. Bb7 Rce8 18. Bc6 Rc8 19. Bb7 Rce8 20. Bf4 Qb4 21. a3 Qxb2 22. Nc4 Qc2 23. Rdc1 Qf5 24. Nd6 Qh5 25. Nxe8 Rxe8 26. Qg2 e5 27. dxe5 Nxe5 28. Re1 Nd3 29. Rxe8+ Nxe8 30. Rf1 Nxf4 31. gxf4 Nd6 32. Bf3 Qh6 33. Qg5 Qxg5+ 34. fxg5 Nb5 35. a4 Nc3 36. Bc6 a6 37. Re1 b5 38. axb5 axb5 39. Re8+ Bf8 40. Rb8 b4 41. Kf1 Kg7 42. h4 Bc5 43. Ke1 Bd6 44. Rb7 Kf8 45. Kd2 Bc5 46. Kc2 Ne2 47. Bd5 Nd4+ 48. Kd3 Ne6 49. Bxe6 fxe6 50. f3 Kg8 51. Ke4 Bd6 52. Rb6 Bc5 53. Rb5 Bd6 54. Rb6 Bc5 55. Rxe6 Kf7 56. Rf6+ Kg7 57. Rc6 Bf2 58. Rc7+ Kg8 59. Ke5 b3 60. Rb7 Bxh4 61. Kf6 Bg3 62. Rxb3 Bd6 63. Rd3 Bc7 64. Rd7 Ba5 65. f4 Bc3+ 66. Ke6 Ba5 67. f5 gxf5 68. Kxf5 Bb6 69. Rb7 Ba5 70. Ke6 Kf8 71. Rxh7 Bd2 72. g6 Bc3 73. Rc7 Bg7 74. Rc8# 1-0

[Event "PNWCC Online Masters Artist Point"]
[Site "Chess.com INT"]
[Date "2020.09.05"]
[Round "3"]
[White "Ghazarian, Kirk Vagho"]
[Black "Ho, Carter"]
[Result "1-0"]
[WhiteElo "2181"]
[BlackElo "1415"]
[PlyCount "141"]
[EventDate "2020.09.05"]
[EventType "swiss"]
[EventRounds "9"]
[EventCountry "USA"]
[SourceTitle "CBM 198 Extra"]
[Source "ChessBase"]
[SourceDate "2020.11.30"]
[SourceVersion "1"]
[SourceVersionDate "2020.11.30"]
[SourceQuality "1"]

1. d4 d5 2. c4 c6 3. Nf3 Nf6 4. Nc3 dxc4 5. a4 Bf5 6. e3 e6 7. Bxc4 Bb4 8. 0-0 Nbd7 9. Qe2 0-0 10. e4 Bg6 11. Bd3 Bh5 12. e5 Nd5 13. Nxd5 cxd5 14. Qe3 Be7 15. Ng5 Bxg5 16. Qxg5 Bg6 17. Be2 Nb8 18. Qxd8 Rxd8 19. Bd2 Nc6 20. Bc3 Rac8 21. a5 f6 22. exf6 gxf6 23. Rad1 Rc7 24. Rfe1 Re7 25. f3 e5 26. Bb5 e4 27. a6 Nb8 28. Bb4 Rc7 29. Ba5 b6 30. Bc3 Nd7 31. fxe4 Bxe4 32. g4 Kg7 33. Kf2 Nf8 34. Kg3 Ng6 35. h4 f5 36. gxf5 Bxf5 37. h5 Nf8 38. Re5 Rf7 39. Rf1 Be6 40. Rfe1 Rf6 41. Bb4 Kf7 42. Bc6 h6 43. Bxf8 Rxf8 44. Rxe6 Rxe6 45. Bxd5 Rfe8 46. Rxe6 Rxe6 47. Kf4 Kf6 48. Bxe6 Kxe6 49. Ke4 Kd6 50. d5 Kd7 51. Ke5 Ke7 52. d6+ Kd7 53. Kd5 Kd8 54. Ke6 Ke8 55. Kf6 Kd7 56. Kg6 Kxd6 57. Kxh6 Ke7 58. Kg7 Ke6 59. h6 Kd5 60. h7 Kc4 61. h8Q Kb3 62. Qb8 Kxb2 63. Qxb6+ axb6 64. a7 b5 65. a8Q b4 66. Kf6 b3 67. Ke5 Kc2 68. Kd4 b2 69. Qa2 Kc1 70. Kc3 b1Q 71. Qd2# 1-0

[Event "PNWCC Online Masters WOO"]
[Site "Chess.com INT"]
[Date "2020.07.05"]
[Round "5.60"]
[White "Ho, Carter"]
[Black "McConnell, Griffin Thomas"]
[Result "1-0"]
[WhiteElo "1415"]
[BlackElo "1823"]
[PlyCount "91"]
[EventDate "2020.07.04"]
[EventType "swiss (rapid)"]
[EventRounds "9"]
[EventCountry "USA"]
[SourceTitle "CBM 197 Extra"]
[Source "ChessBase"]
[SourceDate "2020.09.30"]
[SourceVersion "1"]
[SourceVersionDate "2020.09.30"]
[SourceQuality "1"]

1. e4 c6 2. d4 d5 3. exd5 cxd5 4. Bd3 Nc6 5. c3 Qc7 6. Nf3 e6 7. 0-0 Bd6 8. Re1 Nge7 9. Nbd2 h6 10. Nf1 Bd7 11. Bd2 0-0-0 12. b4 g5 13. a4 f5 14. a5 Ng6 15. b5 Nxa5 16. c4 Nxc4 17. Rxa7 Qb6 18. Ra1 Nxd2 19. Qxd2 Be8 20. Rxe6 Bxh2+ 21. N3xh2 Qxe6 22. Qa5 Kd7 23. Ne3 Rf8 24. b6 Ke7 25. Re1 Kf7 26. Nxf5 Qd7 27. Ng4 Kg8 28. Nfxh6+ Kh8 29. Qc5 Qd6 30. Qxd6 Rxd6 31. Rxe8 Rxe8 32. Nf7+ Kg7 33. Nxd6 Re6 34. Nxb7 Rxb6 35. Nc5 Nf4 36. g3 Nxd3 37. Nxd3 Ra6 38. Ne3 Ra4 39. Nc5 Ra1+ 40. Kg2 Kg6 41. Nxd5 Rd1 42. Ne7+ Kf7 43. Nc6 g4 44. Ne5+ Ke8 45. Nb3 Rb1 46. Na5 1-0

[Event "PNWCC Online Masters WOO"]
[Site "Chess.com INT"]
[Date "2020.07.05"]
[Round "4.51"]
[White "Ji, Yunze Owen"]
[Black "Ho, Carter"]
[Result "1-0"]
[WhiteElo "1553"]
[BlackElo "1415"]
[PlyCount "129"]
[EventDate "2020.07.04"]
[EventType "swiss (rapid)"]
[EventRounds "9"]
[EventCountry "USA"]
[SourceTitle "CBM 197 Extra"]
[Source "ChessBase"]
[SourceDate "2020.09.30"]
[SourceVersion "1"]
[SourceVersionDate "2020.09.30"]
[SourceQuality "1"]

1. Nf3 d5 2. d4 Nf6 3. c4 c6 4. Qb3 dxc4 5. Qxc4 Bf5 6. g3 e6 7. Bg2 Be7 8. 0-0 0-0 9. e3 h6 10. Rd1 Nbd7 11. Nc3 Ne4 12. Ne1 Ndf6 13. Nxe4 Bxe4 14. f3 Bh7 15. e4 e5 16. Be3 exd4 17. Bxd4 Qc7 18. Nc2 Rad8 19. Ne3 b5 20. Qb3 a5 21. Rac1 Qb7 22. a4 b4 23. Qc4 Rc8 24. Bh3 Rcd8 25. Qxc6 Qxc6 26. Rxc6 Rfe8 27. Bb6 Rxd1+ 28. Nxd1 Bd8 29. Bxd8 Rxd8 30. Rc8 Rxc8 31. Bxc8 g5 32. Ne3 h5 33. h3 Kg7 34. g4 hxg4 35. hxg4 Ne8 36. Nc4 Bg8 37. Nxa5 Nd6 38. Bd7 f6 39. Nc6 Nc4 40. Nxb4 Nxb2 41. a5 Nc4 42. a6 Nb6 43. Bc6 Nc8 44. Bb7 Na7 45. Nc6 Nb5 46. a7 Nxa7 47. Nxa7 Bf7 48. Nb5 Bg6 49. Nd6 Kf8 50. Bc8 Ke7 51. Bf5 Kxd6 52. Bxg6 Ke5 53. Kf2 Kf4 54. Bf7 Ke5 55. Ke3 Kd6 56. f4 Ke7 57. Bb3 gxf4+ 58. Kxf4 Kf8 59. Kf5 Kg7 60. Ba2 Kh6 61. Kxf6 Kh7 62. e5 Kh6 63. e6 Kh7 64. e7 Kh6 65. e8Q 1-0

[Event "PNWCC Online Masters"]
[Site "Chess.com INT"]
[Date "2020.05.23"]
[Round "2.44"]
[White "Ho, Carter"]
[Black "Nguyen, Thanh Thuy Tien"]
[Result "0-1"]
[WhiteElo "1415"]
[BlackElo "1971"]
[PlyCount "60"]
[EventDate "2020.05.23"]
[EventType "swiss (rapid)"]
[EventRounds "9"]
[EventCountry "USA"]
[SourceTitle "CBM 196 Extra"]
[Source "ChessBase"]
[SourceDate "2020.07.31"]
[SourceVersion "1"]
[SourceVersionDate "2020.07.31"]
[SourceQuality "1"]

1. e4 c5 2. Nf3 d6 3. d4 cxd4 4. Nxd4 Nf6 5. Nc3 a6 6. f3 e6 7. Be3 b5 8. Qd2 Bb7 9. 0-0-0 Nbd7 10. g4 Nb6 11. g5 Nfd7 12. h4 Rc8 13. Kb1 b4 14. Nce2 Nc4 15. Qc1 Ndb6 16. Bh3 Qc7 17. Bd2 d5 18. Nf4 dxe4 19. fxe4 Na4 20. Nd3 Qb6 21. Nb3 Bxe4 22. Rdf1 Naxb2 23. Nxb2 Na3+ 24. Ka1 Nxc2+ 25. Kb1 Nd4+ 26. Ka1 Nxb3+ 27. axb3 Qa5+ 28. Na4 Rxc1+ 29. Rxc1 Bxh1 30. Rxh1 Qd5 0-1

[Event "PNWCC Online blitz JP 8th"]
[Site "Chess.com INT"]
[Date "2020.05.02"]
[Round "9"]
[White "Ho, Carter"]
[Black "Deviprasath, Sharvesh"]
[Result "0-1"]
[WhiteElo "1415"]
[BlackElo "1578"]
[PlyCount "58"]
[EventDate "2020.05.02"]
[EventType "swiss (blitz)"]
[EventRounds "11"]
[EventCountry "USA"]
[SourceTitle "CBM 195 Extra"]
[Source "ChessBase"]
[SourceDate "2020.05.31"]
[SourceVersion "1"]
[SourceVersionDate "2020.05.31"]
[SourceQuality "1"]

1. e4 c5 2. Nf3 d6 3. d4 cxd4 4. Nxd4 Nf6 5. Nc3 g6 6. Be3 Bg7 7. f3 0-0 8. Bc4 Nc6 9. Bb3 Bd7 10. Qd2 Rc8 11. 0-0-0 Nxd4 12. Bxd4 b5 13. h4 a5 14. a3 b4 15. axb4 axb4 16. Nd5 Be6 17. h5 Bxd5 18. Bxd5 Qa5 19. Qg5 Nxd5 20. Bxg7 Qa4 21. c3 bxc3 22. Qxd5 cxb2+ 23. Kd2 Qc2+ 24. Ke1 b1R 25. Bxf8 Qxg2 26. Rg1 Qxg1+ 27. Ke2 Qxd1+ 28. Qxd1 Rxd1 29. Kxd1 Rxf8 0-1